Diffraction radiation interference pattern obtained upon electron beam propagation through a slit target; Journal of Surface Investigation. X-ray, Synchrotron and Neutron Techniques; Vol. 7, Iss. 4

Dettagli Bibliografici
Parent link:Journal of Surface Investigation. X-ray, Synchrotron and Neutron Techniques: Scientific Journal.— , 2013
Vol. 7, Iss. 4.— 2013.— [P. 784-787]
Altri autori: Shkitov D. A. Dmitriy Andreevich, Naumenko G. A. Gennadiy Andreevich, Shevelev M. V. Mihail Viktorovich, Potylitsyn A. P. Alexander Petrovich, Deng H., Wang X.
Riassunto:Title screen
The interference pattern of coherent diffraction radiation (CDR) from a silt target is measured using the extracted beam of the microtron at Tomsk Polytechnic University. A theoretical interference pattern is calculated based on a model developed earlier for calculating the CDR characteristics in the far and near zones with allowance for the detector-sensitivity function. Comparison of the theoretical and experimental interference patterns makes it possible to obtain information about the longitudinal size of the bunch. The results obtained by the proposed and earlier methods agree well with each other
Режим доступа: по договору с организацией-держателем ресурса
Lingua:inglese
Pubblicazione: 2013
Soggetti:
Accesso online:http://dx.doi.org/10.1134/S102745101304037X
Natura: MixedMaterials Elettronico Capitolo di libro
KOHA link:https://koha.lib.tpu.ru/cgi-bin/koha/opac-detail.pl?biblionumber=636313

MARC

LEADER 00000naa0a2200000 4500
001 636313
005 20250917152558.0
035 |a (RuTPU)RU\TPU\network\245 
090 |a 636313 
100 |a 20131119d2013 k||y0rusy50 ba 
101 0 |a eng 
102 |a US 
135 |a drnn ---uucaa 
181 0 |a i  
182 0 |a b 
200 1 |a Diffraction radiation interference pattern obtained upon electron beam propagation through a slit target  |f D. A. Shkitov [et al.] 
203 |a Text  |c electronic 
300 |a Title screen 
320 |a [Referen.: p.787 (10 title)] 
330 |a The interference pattern of coherent diffraction radiation (CDR) from a silt target is measured using the extracted beam of the microtron at Tomsk Polytechnic University. A theoretical interference pattern is calculated based on a model developed earlier for calculating the CDR characteristics in the far and near zones with allowance for the detector-sensitivity function. Comparison of the theoretical and experimental interference patterns makes it possible to obtain information about the longitudinal size of the bunch. The results obtained by the proposed and earlier methods agree well with each other 
333 |a Режим доступа: по договору с организацией-держателем ресурса 
461 1 |t Journal of Surface Investigation. X-ray, Synchrotron and Neutron Techniques  |o Scientific Journal  |d 2013 
463 1 |t Vol. 7, Iss. 4  |v [P. 784-787]  |d 2013 
610 1 |a электронный ресурс 
610 1 |a труды учёных ТПУ 
701 1 |a Shkitov  |b D. A.  |c physicist  |c Junior Researcher, Tomsk Polytechnic University, Candidate of Physical and Mathematical Sciences  |f 1985-  |g Dmitriy Andreevich  |3 (RuTPU)RU\TPU\pers\31538  |9 15699 
701 1 |a Naumenko  |b G. A.  |c physicist  |c senior research fellow of Tomsk Polytechnic University  |f 1947-  |g Gennadiy Andreevich  |3 (RuTPU)RU\TPU\pers\31524 
701 1 |a Shevelev  |b M. V.  |c expert in the field of nuclear physics  |c engineer at Tomsk Polytechnic University  |f 1985-  |g Mihail Viktorovich  |3 (RuTPU)RU\TPU\pers\31529 
701 1 |a Potylitsyn  |b A. P.  |c Russian physicist  |c Professor of the TPU  |f 1945-  |g Alexander Petrovich  |3 (RuTPU)RU\TPU\pers\26306  |9 12068 
701 1 |a Deng  |b H. 
701 1 |a Wang  |b X. 
801 2 |a RU  |b 63413507  |c 20160602  |g RCR 
856 4 |u http://dx.doi.org/10.1134/S102745101304037X 
942 |c CF